Heri Subira (Record no. 15324)
[ view plain ]
| 000 -LEADER | |
|---|---|
| fixed length control field | 00378nam a22001577a 4500 |
| 003 - CONTROL NUMBER IDENTIFIER | |
| control field | OSt |
| 005 - DATE AND TIME OF LATEST TRANSACTION | |
| control field | 20250211191253.0 |
| 008 - FIXED-LENGTH DATA ELEMENTS--GENERAL INFORMATION | |
| fixed length control field | 230826b |||||||| |||| 00| 0 eng d |
| 040 ## - CATALOGING SOURCE | |
| Transcribing agency | Chuka University Library |
| 050 ## - LIBRARY OF CONGRESS CALL NUMBER | |
| Classification number | PL 8704 |
| Item number | .B33 2010 |
| 100 ## - MAIN ENTRY--PERSONAL NAME | |
| Personal name | Babu, Omar |
| 9 (RLIN) | 12332 |
| 245 ## - TITLE STATEMENT | |
| Title | Heri Subira |
| 260 ## - PUBLICATION, DISTRIBUTION, ETC. | |
| Place of publication, distribution, etc. | Nairobi |
| Name of publisher, distributor, etc. | OUP |
| Date of publication, distribution, etc. | 2010 |
| 300 ## - PHYSICAL DESCRIPTION | |
| Extent | 150p. |
| 942 ## - ADDED ENTRY ELEMENTS (KOHA) | |
| Source of classification or shelving scheme | Library of Congress Classification |
| Koha item type | Long Loan Books |
| Suppress in OPAC | No |
| Koha issues (borrowed), all copies | 5 |
| Withdrawn status | Lost status | Source of classification or shelving scheme | Damaged status | Not for loan | Collection | Home library | Current library | Shelving location | Date acquired | Total Checkouts | Full call number | Barcode | Date last seen | Copy number | Price effective from | Koha item type | Date last checked out |
|---|---|---|---|---|---|---|---|---|---|---|---|---|---|---|---|---|---|
| Library of Congress Classification | Fiction | Main Campus Library | Chogoria Campus Library | Fiction | 26/08/2023 | PL 8704 .B33 2010 | 21833/2023 | 26/08/2023 | 3 | 26/08/2023 | Long Loan Books | ||||||
| Library of Congress Classification | Fiction | Main Campus Library | Main Campus Library | Fiction | 19/10/2023 | 3 | PL 8704 .B33 2010 | 22396/2023 | 19/02/2025 | 4 | 19/10/2023 | Long Loan Books | 11/02/2025 | ||||
| Library of Congress Classification | General Collection Books | Main Campus Library | Main Campus Library | General Stacks | 19/02/2024 | 2 | PL 8704 .B33H4 2010 | 10719/2014 | 08/03/2024 | 2 | 19/02/2024 | Long Loan Books | 04/03/2024 | ||||
| Library of Congress Classification | General Collection Books | Main Campus Library | Main Campus Library | Fiction | 19/07/2024 | FIC PL 8704 .B33H4 2010 | 10720/2014 | 19/07/2024 | 1 | 19/07/2024 | Long Loan Books |
